Loading...
| Literature - World | 0 | 4 | 0 | 0 | 40 | 89 | 111.00 | 0 | 0 | 5.67 | 16.33 |
| Literature - British | 0 | 2 | 0 | 0 | 20 | 120 | 128.00 | 0 | 0 | 2.25 | 6.08 |
| Philosophy | 0 | 2 | 1 | 0 | 15 | 106 | 122.50 | 0 | 0 | 0.85 | 4.04 |
| History - American | 0 | 2 | 1 | 0 | 15 | 77 | 81.50 | 1 | 2 | 4.86 | 10.59 |
| History - European | 0 | 1 | 0 | 0 | 10 | 47 | 47.00 | 1 | 1 | 3.77 | 5.88 |
| Social Science | 0 | 1 | 0 | 0 | 10 | 88 | 88.00 | 0 | 0 | 1.74 | 3.64 |
| Fine Arts - Painting & Sculpture | 0 | 1 | 0 | 0 | 10 | 89 | 89.00 | 0 | 0 | 2.00 | 4.90 |
| Literature - European | 0 | 1 | 0 | 0 | 10 | 121 | 121.00 | 0 | 1 | 1.04 | 5.37 |
| Fine Arts - Other | 0 | 1 | 0 | 0 | 10 | 130 | 130.00 | 0 | 0 | 0.61 | 3.68 |
| Literature - American | 0 | 1 | 1 | 0 | 5 | 160 | 160.00 | 0 | 0 | 0.04 | 2.48 |
| Fine Arts - Classical Music | 0 | 0 | 0 | 0 | 0 | 0.00 | 0 | 0 | 0.00 | 0.00 |